000 00377nam a22001337a 4500
008 190129b xxu||||| |||| 00| 0 eng d
020 _a9780534394233
041 _aeng
080 _27th
_a510
100 _a36
101 _aMAT
245 _aInstructor's Solutions Manual for Tan's Finite Mathematics for the Managerial, Life, and Social Sciences
_cTan, S.T
942 _2udc
_cBK
999 _c53889
_d53889